Otázky optimálneho fungovania ekonomiky

Enregistré dans:
Détails bibliographiques
Auteur principal: Fedorenko, N.P
Format: Livre
Langue:slovaque
Publié: Bratislava Pravda 1983
Collection:Politická ekonómia
Tags: Ajouter un tag
Pas de tags, Soyez le premier à ajouter un tag!

MARC

LEADER 00000nam a2200000 4500
001 c131139
005 20250522120024.6
041 0 |a slo 
044 |a SK 
245 1 0 |a Otázky optimálneho fungovania ekonomiky  |c N.P. Fedorenko 
264 1 |a Bratislava  |b Pravda  |c 1983 
300 |a 212 s. 
490 1 |a Politická ekonómia 
830 0 |a Politická ekonómia 
100 1 |a Fedorenko, N.P.